000 00815nam a22002417i 4500
005 20260105101127.0
008 250906s2023 |||||||gr|||| 00| f ara d
020 _a9789950044036
040 _aJO-AmGAM
_erda
082 1 4 _aق
_bب ي د
100 1 _aبيدس، خليل
_eمؤلف.
245 1 2 _aالوارث :
_bرواية /
_cتأليف خليل بيدس.
250 _aالطبعة الأولى.
264 3 1 _aغزة :
_bمكتبة سمير منصور للطباعة والنشر والتوزيع،
_c2023.
300 _a134 صفحة.
336 _2rdacontent
_aنص
_btxt
337 _2rdamedia
_aدون وسيط عرض
_bn
338 _2rdacarrier
_aمجلد
_bnc
650 1 7 _aالروايات العربية.
650 1 7 _aالأدب العربي.
942 _2ddc
_cBK
999 _c247677
_d247677